| 000 | 00780cam a22002651a 4500 | ||
|---|---|---|---|
| 001 | 32822 | ||
| 003 | BD-RjUL | ||
| 005 | 20211209051912.0 | ||
| 008 | 140428t1968 pk b b 001 0beng d | ||
| 035 | _a(BD-RjUL)32912 | ||
| 035 | _a1082138 | ||
| 040 |
_aLC _beng _cLC |
||
| 041 | _aeng | ||
| 082 | 0 | 4 |
_a297.648 _bMOA 1968 _223 |
| 100 | 1 |
_aMohy-ud-Din, Atta. _999800 |
|
| 245 | 1 | 0 |
_aAbu Bakr / _cAtta mohy- UD-DIN |
| 260 |
_aLahore : _b mall, _c1968. |
||
| 300 |
_ax, 205 p. : _bill, ; _c23 cm. |
||
| 500 | _aSequel to the Arabian Prophet Muhammad, his achievements and message. | ||
| 504 | _aIncludes bibliographical reference and index. | ||
| 600 | 0 | 0 |
_aAbu Bakr, _cCaliph, _d-634. _9173013 |
| 651 | 0 |
_aIslam _999802 _vCivilization |
|
| 942 |
_2ddc _cBK |
||
| 999 |
_c32822 _d32822 |
||